000 00615aas a2200193 4500
999 _c63501
_d63501
001 768714001
003 CO-MdFUSB
005 20171025125143.0
008 171025s2010 ck ||||| |||| 00| 0 spa d
022 _a2145-8197
040 _aCO-MdFUSB
_bspa
_cCO-MdFUSB
_dCO-MdFUSB
041 _aspa
245 0 _aAparece el Sida
_c/ El Tiempo
300 _aNúmero 8 (2010), página 42
_c: 28 cm.
520 1 _aUna enfermedad que al parecer afecta principalmente a la población homosexual asusta el mundo.
650 1 4 _aHISTORIA
773 0 _tdk100
_049432
_959931
_gNúmero 8 (2010), página 42
_qPágina 42
942 _cANA